| 000 | 01101nam a22002177a 4500 | ||
|---|---|---|---|
| 999 |
_c60066 _d60066 |
||
| 003 | Ge_BSU | ||
| 005 | 20230602170002.0 | ||
| 008 | 230602s2011 ge ||||| |||| 00| 0 geo d | ||
| 020 | _a9785937280978 | ||
| 041 | _ageo | ||
| 080 | _a061.12(479.22) მ-45 | ||
| 100 |
_aმგალობლიშვილი, ლევან _918449 |
||
| 245 |
_aსაქართველოს მეცნიერებათა ეროვნული აკადემია : _b1941-2011 = Georgian National Academy of sciences, 1941-2011 / _cლევან მგალობლიშვილი; [რედ. ოთარ ნათიშვილი]. |
||
| 264 |
_aთბილისი : _c2011. |
||
| 300 |
_a328გვ.: _b+ 22 ჩართ. ფ. ფოტ. ; _c25 სმ. |
||
| 501 | _aპარალ. თავფურ. | ||
| 520 | _a რეზ. ინგლ. ენ. | ||
| 653 | _aსაქართველოს მეცნიერებათა აკადემია. | ||
| 700 |
_aნათიშვილი, ოთარ _eრედაქტორი _914799 |
||
| 942 |
_2udc _cBK |
||